000 00779nam a2200217 a 4500
005 20240925063736.0
008 991125s1996 es 000 0 spa u
020 _a8471123452
035 _aUPN01000015464
049 _aCG
050 4 _aLB1589
_bO7.38 1996
100 1 _aOrton, Anthony
245 1 0 _aDidáctica de las matemáticas :
_bcuestiones, teoría y práctica en el aula /
_cpor Anthony Orton ; tr. Guillermo Solana.
250 _a2a ed. act.
260 _aMadrid :
_bMinistro de Educación y Ciencia ;
_bMorata,
_c1996.
300 _a239 p.
440 0 _aPedagogía.
_pEducación infantil y primaria
534 _pTraducción de :
_tLearning Mathematics, issues, theory and classroom practice
650 4 _aMatemáticas
_xEstudio y enseñanza
_93601
905 _aLibro
999 _c15464
_d15464